00475nam a2200205Ia 4500003000900000008004100009040001300050040001300063041000800076100002100084100000900105245004000114250001600154260001200170260000900182300001200191490004100203490000600244700001900250IT-RoPAU120407s9999 xx 000 0 und d aIT-RoPAU cIT-RoPAU aita aAmoroso Leonardo ccur. aLogica. A cura di Leonardo Amoroso. aRoma - Bari aLaterza c1984 c20.6 cm aBiblioteca Universale Laterza, 111 v1 aImmanuel Kant